000 00479nam a2200157Ia 4500
008 210210b2001 xxu||||| |||| 00| 0 eng d
020 _a81 230 0942 9
082 _a070.1 MASS
100 _aMASS MEDIA.
245 _aMass media 2001.
260 _aNew Delhi.
_bPublication Division Ministry of Information & Broadcasting
_c2001
300 _a239
650 _aMedia Print Information Right Organisations Films Mass Communication
690 _aJournalism
906 _a057946
999 _c105144
_d105144